000 00428cam a2200181ua 4500
020 _c7.60
041 _aeng
_h
082 _a307.14
_bJAC/AD
100 _aJackson, I.C .
245 _aAdvance in Africa /
_cI.C.Jackson.
_hTextual Documents
250 _a1 /
_b.
260 _aLondon :
_bOxford University Press ,
_c1956.
300 _a110 ; .
365 _a7.60
504 _a
942 _cBK
999 _c1713
_d1713